000 01237cam a2200337 a 4500
001 3053848
003 PILC
005 20150112093426.0
008 960816s1997 ilua 001 0 eng
010 _a 96036297
020 _a0844230227 (hardcover : alk. paper)
020 _a9780844230245
040 _aDLC
_cDLC
_dDLC
050 0 0 _aHF 5825
_b.B66 1997
082 0 0 _aAdSF 659.132
_bB64 1997
100 1 _aBook, Albert C.
_9943
245 1 0 _aFundamentals of copy & layout /
_cAlbert C. Book, C. Dennis Schick.
246 3 _aFundamentals of copy and layout
250 _a3rd ed.
260 _aLincolnwood, Ill. :
_bNational Textbook Co.,
_c1997.
300 _a278 pages :
_billustration ;
_c28 cm.
500 _aIncludes index.
650 0 _aAdvertising copy.
_9757
650 0 _aAdvertising layout and typography.
_9758
700 1 _aSchick, C. Dennis.
_9944
856 4 2 _3Publisher description
_uhttp://www.loc.gov/catdir/description/mh022/96036297.html
856 4 1 _3Table of contents
_uhttp://www.loc.gov/catdir/toc/mh022/96036297.html
906 _a7
_bcbc
_corignew
_d1
_eocip
_f19
_gy-gencatlg
942 _2lcc
_cBK
999 _c14210
_d14210